Catálogo
 En Linea

Arte infantil en un siglo de luz. (Registro nro. 33819)

Detalles MARC
000 -CABECERA
campo de control de longitud fija 00318nam a2200109 a 4500
005 - FECHA Y HORA DE LA ÚLTIMA TRANSACCIÓN
campo de control 20200930073636.0
008 - DATOS DE LONGITUD FIJA--INFORMACIÓN GENERAL
campo de control de longitud fija 111003s1982 000 spa d
040 ## - FUENTE DE LA CATALOGACIÓN
Centro catalogador/agencia de origen DO-SdBNP
100 ## - ENTRADA PRINCIPAL--NOMBRE DE PERSONA
Nombre de persona Serra, Nidia
9 (RLIN) 29116
245 #0 - MENCIÓN DE TÍTULO
Título Arte infantil en un siglo de luz.
260 ## - PUBLICACIÓN, DISTRIBUCIÓN, ETC.
Lugar de publicación, distribución, etc. San Pedro de Macorís, República Dominicana,
Fecha de publicación, distribución, etc. 1982.

No hay ítems disponibles.

Con tecnología Koha